Speechmaking : (Record no. 7188)

MARC details
000 -LEADER
fixed length control field 00725nam a2200193 a 4500
020 ## - INTERNATIONAL STANDARD BOOK NUMBER
ISBN 0697076393
022 ## - INTERNATIONAL STANDARD SERIAL NUMBER
ISSN 9780697076397
050 00 - CALL NUMBER
Classification number PN4121
Item number .S779
100 1# - AUTHOR
Personal name Sproule, J. Michael,
245 10 - TITLE
Title Speechmaking :
Remainder of title an introduction to rhetorical competence /
Statement of responsibility, etc J. Michael Sproule.
260 ## - PUBLICATION INFORMATION
Place of publication Dubuque, Iowa :
Name of publisher Wm. C. Brown,
Year of publication c1991.
300 ## - DESCRIPTION
Number of Pages xxii, 490 p. :
Other physical details ill. ;
Dimensions 25 cm.
500 ## - NOTES
General note Includes Index
505 ## - FORMATTED CONTENTS NOTE
Table of Content Part I. Getting Started<br/>Part II. Building Blocks of Speechmaking<br/>Part III.Arranging the Materials <br/>Part IV. The Speech as Presented<br/>Part V. Kinds of Speeches<br/>
650 #0 - SUBJECTS
Topical Term Public speaking.
650 #0 - SUBJECTS
Topical Term retorika -- ókortól napjainkig
650 #0 - SUBJECTS
Topical Term nyilvános beszéd
942 ## - ADDED ENTRY ELEMENTS (KOHA)
Koha item type Books
Holdings
Withdrawn status Lost status Collection code Home library Current library Shelving location Date acquired Full call number Accession Number Koha item type
    Reference Methodist University Library Main Methodist University Library Main General Stacks 20/07/2000 PN4121 .S779 26425 Books
    Reference Methodist University Library Main Methodist University Library Main General Stacks 20/07/2000 PN4121 .S779 26423 Books
    Reference Methodist University Library Main Methodist University Library Main General Stacks 20/07/2000 PN4121 .S779 26424 Books
Copyright © 2026  MUG Library